[Event "Championnat de Paris Open A"]
[Site "Paris"]
[Date "2010.07.05"]
[Round "3.9"]
[White "Carrillo, Jesus"]
[Black "Emmenecker, Philippe"]
[Result "0-1"]
[WhiteElo "2081"]
[BlackElo "2169"]
[PlyCount "74"]
[EventDate "2010.??.??"]

1. e4 c5 2. Nf3 Nc6 3. Nc3 Nf6 4. d4 cxd4 5. Nxd4 e5 6. Ndb5 d6 7. Bg5 a6 8.
Na3 Be6 9. Nc4 Rc8 10. Ne3 Be7 11. Bxf6 Bxf6 12. Ncd5 Bg5 13. c3 O-O 14. Be2
Bxe3 15. Nxe3 Ne7 16. Bf3 Rc7 17. O-O Rd7 18. a4 g6 19. a5 Kh8 20. Qd2 f5 21.
exf5 gxf5 22. Bd5 Nxd5 23. Nxd5 f4 24. f3 Rg7 25. Rf2 Rfg8 26. Kh1 Qh4 27. Nb6
Rg5 28. Qe1 Rh5 29. Qg1 Rg6 30. Rd1 Qg3 31. Rdd2 Rgh6 32. h3 Bxh3 33. gxh3
Rxh3+ 34. Rh2 Qxf3+ 35. Rdg2 Rxh2+ 36. Qxh2 Rxh2+ 37. Kxh2 Qh5+ 0-1

[Event "Championnat de Paris Open A"]
[Site "Paris"]
[Date "2010.07.05"]
[Round "3.10"]
[White "Rano, David"]
[Black "Bouton, Christophe"]
[Result "1/2-1/2"]
[WhiteElo "2166"]
[BlackElo "2060"]
[PlyCount "101"]
[EventDate "2010.??.??"]

1. d4 Nf6 2. Nf3 g6 3. c4 Bg7 4. Nc3 d5 5. Qb3 dxc4 6. Qxc4 O-O 7. Bf4 Na6 8.
Rd1 c5 9. d5 Qb6 10. Rd2 e6 11. d6 Nd5 12. Bg3 Nxc3 13. bxc3 Bd7 14. e3 Bc6 15.
Ne5 Bd5 16. Qb5 c4 17. Qxb6 axb6 18. f3 b5 19. e4 Bc6 20. Be2 Nc5 21. O-O Nd7
22. Nxd7 Bxd7 23. e5 Ra3 24. Rc2 g5 25. h4 gxh4 26. Bh2 Rfa8 27. Ra1 f6 28. f4
fxe5 29. fxe5 Be8 30. Bg4 Bd7 31. Bf3 R8a7 32. Bf4 b6 33. Kf2 R7a4 34. Ke2 b4
35. cxb4 Rxb4 36. Rac1 b5 37. Rh1 Rba4 38. Rxh4 Rxa2 39. Be4 Rxc2+ 40. Bxc2 Ra2
41. Kd1 b4 42. Bxh7+ Kf8 43. Bg5 Bxe5 44. Rxc4 Bxd6 45. Bc2 Ba4 46. Bxa4 Rxa4
47. Rc6 Be5 48. Rxe6 Bc3 49. Be7+ Kf7 50. Re4 Ra1+ 51. Kc2 1/2-1/2

[Event "Championnat de Paris Open A"]
[Site "Paris"]
[Date "2010.07.05"]
[Round "3.11"]
[White "Pluyaud, Benoit"]
[Black "Samoun, Florent"]
[Result "1-0"]
[WhiteElo "1930"]
[BlackElo "2160"]
[PlyCount "53"]
[EventDate "2010.??.??"]

1. Nf3 d5 2. d4 Nf6 3. c4 e6 4. Nc3 c6 5. e3 Be7 6. Bd3 b6 7. O-O Bb7 8. b3
Nbd7 9. Bb2 O-O 10. Ne5 c5 11. Qe2 Ne4 12. Bxe4 dxe4 13. Nxd7 Qxd7 14. Rfd1
cxd4 15. Rxd4 Qc6 16. Rad1 Rae8 17. Rd7 a6 18. Nb1 f5 19. Be5 Bf6 20. Bxf6 Rxf6
21. Qh5 Rg6 22. Rd8 Rxd8 23. Rxd8+ Kf7 24. Qxh7 e5 25. Qg8+ Kf6 26. h4 Rh6 27.
Qf8+ 1-0

[Event "Championnat de Paris Open A"]
[Site "Paris"]
[Date "2010.07.05"]
[Round "3.12"]
[White "Hanchour, Baroudi"]
[Black "Gretry, Patrice"]
[Result "1/2-1/2"]
[WhiteElo "2159"]
[BlackElo "2010"]
[PlyCount "138"]
[EventDate "2010.??.??"]

1. e4 b6 2. d4 Bb7 3. Nc3 e6 4. Nf3 Nf6 5. Bd3 Bb4 6. Qe2 d5 7. exd5 Nxd5 8.
Bd2 Nxc3 9. bxc3 Be7 10. Rd1 O-O 11. h4 Nd7 12. c4 c5 13. Bc3 Qc7 14. dxc5 Nxc5
15. Ng5 Nxd3+ 16. Qxd3 g6 17. Qe3 Bc5 18. Ne4 Bxe4 19. Qxe4 Rad8 20. Rxd8 Rxd8
21. h5 Qd7 22. O-O Bd4 23. Bd2 f5 24. Qh4 Rc8 25. Qg5 Qf7 26. Rd1 Bf6 27. Qg3
Qc7 28. Bf4 e5 29. Bh6 Kf7 30. c5 bxc5 31. Qd3 Rd8 32. Qc4+ Ke7 33. Rxd8 Qxd8
34. Qxc5+ Ke6 35. Qc4+ Ke7 36. Qb4+ Ke6 37. Qb3+ Ke7 38. Qa3+ Ke6 39. Qa6+ Qd6
40. Qc8+ Kf7 41. Qc4+ Ke7 42. Kh2 gxh5 43. Qg8 e4+ 44. g3 Qb6 45. Qxh7+ Ke6 46.
Qg8+ Kd7 47. Qf7+ Kc8 48. Be3 Qd6 49. Qxa7 h4 50. Qc5+ Qxc5 51. Bxc5 Be5 52.
Kh3 hxg3 53. fxg3 Bf6 54. Be3 Kd7 55. g4 fxg4+ 56. Kxg4 Ke6 57. c4 Ke5 58. a4
Bd8 59. Kh5 Ba5 60. Kg4 Bb4 61. Kg3 Ba5 62. Kf2 Bb4 63. Ke2 Ba5 64. Bc5 Bc7 65.
Bf2 Ba5 66. Be1 Bb6 67. Bc3+ Kd6 68. Bb4+ Ke5 69. c5 Bxc5 1/2-1/2

[Event "Championnat de Paris Open A"]
[Site "Paris"]
[Date "2010.07.05"]
[Round "3.13"]
[White "Santamaria, Jorge"]
[Black "Toubale, Kassem"]
[Result "1/2-1/2"]
[WhiteElo "2157"]
[BlackElo "1935"]
[PlyCount "82"]
[EventDate "2010.??.??"]

1. c4 e6 2. g3 d5 3. Bg2 Nf6 4. Nf3 Be7 5. O-O O-O 6. b3 c5 7. e3 Nc6 8. Bb2 b6
9. Nc3 Bb7 10. cxd5 Nxd5 11. Nxd5 exd5 12. d4 Bf6 13. Qd2 c4 14. Ne5 b5 15.
Nxc6 Bxc6 16. Ba3 Re8 17. Rfc1 Qc7 18. Bc5 h6 19. a4 a6 20. a5 Rac8 21. b4 Qb7
22. Re1 Bd7 23. Qc2 Be6 24. f3 Qd7 25. Rad1 Bf5 26. e4 Bg6 27. Qf2 Kh7 28. e5
Bd8 29. f4 Bf5 30. Re3 g6 31. Rf1 h5 32. Rfe1 Be7 33. Rd1 Bxc5 34. dxc5 d4 35.
Ra3 d3 36. Rd2 Red8 37. Rc3 Be6 38. Rc1 Bd5 39. Qe3 Bxg2 40. Kxg2 Qd5+ 41. Kf2
Kg7 1/2-1/2

[Event "Championnat de Paris Open A"]
[Site "Paris"]
[Date "2010.07.05"]
[Round "3.14"]
[White "Plane, Boris"]
[Black "Potrel, Manu"]
[Result "0-1"]
[WhiteElo "2140"]
[BlackElo "1852"]
[PlyCount "68"]
[EventDate "2010.??.??"]

1. e4 c5 2. Nf3 Nc6 3. Nc3 e5 4. Bc4 Be7 5. d3 d6 6. Nd5 Nf6 7. c3 Be6 8. Ng5
Bxd5 9. exd5 Nb8 10. f4 Nbd7 11. O-O O-O 12. Ne4 Nb6 13. Nxf6+ Bxf6 14. Bb3
exf4 15. Bxf4 Bg5 16. Qg4 Bxf4 17. Qxf4 a5 18. a4 Ra6 19. Rf2 Qe7 20. h4 Raa8
21. h5 Rae8 {=} 22. h6 Qe5 23. hxg7 Kxg7 24. Qg4+ Kh8 25. d4 cxd4 26. cxd4 Qe4
27. Qh5 Qxd4 28. Bc2 Qg7 29. Raf1 Re5 30. Qh2 Nxd5 31. Bb3 Ne3 32. Qf4 Nxf1 33.
Rxf1 Qg5 34. Qd4 Qe3+ 0-1

[Event "Championnat de Paris Open A"]
[Site "Paris"]
[Date "2010.07.05"]
[Round "3.15"]
[White "Gros, Alexandre"]
[Black "Anes, Emmanuel"]
[Result "0-1"]
[WhiteElo "1844"]
[BlackElo "2139"]
[PlyCount "62"]
[EventDate "2010.??.??"]

1. Nf3 g6 2. g3 Bg7 3. Bg2 c5 4. O-O Nc6 5. c3 d6 6. d4 cxd4 7. cxd4 Qb6 8. Kh1
Nf6 9. Nc3 O-O 10. Na4 Qa5 11. Nc3 Bg4 12. Be3 Rab8 13. Rc1 Rfc8 14. Qb3 Be6
15. Qd1 Nd5 16. Nxd5 Bxd5 17. a3 b5 18. Re1 Qb6 19. Bg5 Bxf3 20. exf3 Bxd4 21.
Bxe7 Ne5 22. Rxc8+ Rxc8 23. Qd2 Nc4 24. Qf4 Be5 25. Qh6 Bg7 26. Qf4 Qxf2 27.
Rf1 Qxb2 28. Bxd6 Nxd6 29. Qxd6 Rc2 30. Qb8+ Bf8 31. Rg1 Kg7 0-1

[Event "Championnat de Paris Open A"]
[Site "Paris"]
[Date "2010.07.05"]
[Round "3.16"]
[White "Rene, Benoit"]
[Black "Tran, Philippe"]
[Result "1-0"]
[WhiteElo "2299"]
[BlackElo "2005"]
[PlyCount "67"]
[EventDate "2010.??.??"]

1. Nf3 Nf6 2. g3 g6 3. Bg2 Bg7 4. O-O O-O 5. c4 d6 6. Nc3 Nc6 7. d3 Nd7 8. Bg5
h6 9. Bd2 Kh7 10. Rb1 Nd4 11. Ne1 e5 12. e3 Ne6 13. Ne2 f5 14. f4 Nf6 15. Bc3
exf4 16. gxf4 c6 17. Qd2 Re8 18. Nc2 Qe7 19. Rbe1 Bd7 20. Ng3 Nc5 21. e4 fxe4
22. dxe4 Rad8 23. b3 Bc8 24. Nd4 Qc7 25. h3 a6 26. Kh2 Ng8 27. Qc2 b6 28. Kh1
a5 29. f5 g5 30. f6 Nxf6 31. e5+ Nfe4 32. Nxe4 Bxe5 33. Nxg5+ Kh8 34. Rf7 1-0

[Event "Championnat de Paris Open A"]
[Site "Paris"]
[Date "2010.07.05"]
[Round "3.17"]
[White "Reilhac, Philippe"]
[Black "Gervasio, Ricardo"]
[Result "1/2-1/2"]
[WhiteElo "2034"]
[BlackElo "2292"]
[PlyCount "110"]
[EventDate "2010.??.??"]

1. e4 c5 2. Nf3 Nc6 3. d4 cxd4 4. Nxd4 Qc7 5. Be3 e6 6. Nc3 a6 7. Be2 Nf6 8.
O-O b5 9. a3 Bb7 10. Kh1 Rc8 11. Bf3 h5 12. Nxc6 Bxc6 13. e5 Qxe5 14. Bxc6 Rxc6
15. Re1 Ng4 16. g3 Qxe3 17. fxe3 Nf2+ 18. Kg2 Nxd1 19. Rexd1 g6 20. Rd2 Bg7 21.
Nd1 h4 22. c3 hxg3 23. hxg3 Rc5 24. Nf2 Ke7 25. a4 bxa4 26. Rxa4 a5 27. Rd3 Rb8
28. Rd2 Rcb5 29. Nd1 Be5 30. Rc4 d5 31. Ra4 f5 32. Rc2 g5 33. Ra2 g4 34. Nf2
Bd6 35. Nd3 Rh8 36. Rc1 e5 37. Nf2 Rhb8 38. Nd1 Bc7 39. Rc2 Rc5 40. Nf2 Kf6 41.
Rc1 Rcb5 42. Rc2 Kg5 43. Rd2 f4 44. exf4+ exf4 45. gxf4+ Bxf4 46. Rd1 Kf5 47.
Nd3 Be3 48. Re1 Bb6 49. Raa1 Bc7 50. Rf1+ Kg5 51. Rf7 Rxb2+ 52. Nxb2 Rxb2+ 53.
Kf1 Be5 54. Rxa5 Rb1+ 55. Kg2 Rb2+ 1/2-1/2

[Event "Championnat de Paris Open A"]
[Site "Paris"]
[Date "2010.07.05"]
[Round "3.18"]
[White "Trommsdorf, Fro"]
[Black "Stoenescu, Radu"]
[Result "1-0"]
[WhiteElo "2076"]
[BlackElo "2189"]
[PlyCount "107"]
[EventDate "2010.??.??"]

1. Nf3 Nf6 2. g3 g6 3. Bg2 Bg7 4. O-O O-O 5. d4 d6 6. c4 Nbd7 7. Nc3 c6 8. h3
e5 9. Be3 Nh5 10. dxe5 dxe5 11. Qd2 f5 12. Rad1 f4 13. Bc5 Re8 14. Ne4 Nhf6 15.
Nfg5 h6 16. Nxf6+ Bxf6 17. Bd5+ Kg7 18. Ne6+ Rxe6 19. Bxe6 Nxc5 20. Qxd8 Bxd8
21. Rxd8 Nxe6 22. Re8 Kf7 23. Rh8 Kg7 24. Rd8 Kf7 25. Rh8 Nf8 26. Rxh6 Kg7 27.
Rh4 g5 28. Rh5 Kg6 29. g4 Nh7 30. Rd1 Be6 31. Rd6 Re8 32. h4 Kg7 33. f3 Re7 34.
b3 Bf7 35. Rhh6 e4 36. fxe4 Rxe4 37. Kf2 gxh4 38. Rxh4 Ng5 39. Rd7 f3 40. exf3
Rf4 41. Rxb7 Rxf3+ 42. Ke2 Rg3 43. Rxa7 Ne6 44. Kf2 Rc3 45. Rh5 Nd4 46. Rd7 Rd3
47. Rc5 Kf8 48. Rf5 Rd2+ 49. Ke3 Re2+ 50. Kd3 Nxf5 51. Kxe2 Be6 52. Rc7 Nd4+
53. Ke3 Nc2+ 54. Kf2 1-0

[Event "Championnat de Paris Open A"]
[Site "Paris"]
[Date "2010.07.05"]
[Round "3.20"]
[White "Vignier, Pascal"]
[Black "Ribeiro, Romain"]
[Result "0-1"]
[WhiteElo "2018"]
[BlackElo "2159"]
[PlyCount "58"]
[EventDate "2010.??.??"]

1. e4 c5 2. Nf3 d6 3. c3 Nf6 4. Qc2 b6 5. Bc4 Bb7 6. d3 Nbd7 7. Bf4 d5 8. exd5
Nxd5 9. Bg3 e6 10. O-O h5 11. h4 Be7 12. Re1 g5 13. hxg5 Bxg5 14. Qb3 Be7 15.
Nbd2 a6 16. a4 N7f6 17. Ne4 Ng4 18. Ne5 Rg8 19. a5 h4 20. Bh2 Nxh2 21. Kxh2 Qc7
22. d4 b5 23. Bxd5 Bxd5 24. Qd1 O-O-O 25. Kg1 f5 26. Nxc5 Bxc5 27. dxc5 Bxg2
28. Qc1 Bf3+ 29. Kf1 Rg1+ 0-1

[Event "Championnat de Paris Open A"]
[Site "Paris"]
[Date "2010.07.05"]
[Round "3.21"]
[White "Troffiguer, Olivier"]
[Black "Pass, Deborah J"]
[Result "1-0"]
[WhiteElo "2159"]
[BlackElo "2002"]
[PlyCount "57"]
[EventDate "2010.??.??"]

1. d4 Nf6 2. Nf3 g6 3. c4 Bg7 4. Nc3 O-O 5. e4 d6 6. Be2 e5 7. Be3 Na6 8. d5
Ng4 9. Bg5 f6 10. Bd2 Nh6 11. h4 Nf7 12. Qc1 f5 13. h5 Nc5 14. hxg6 hxg6 15.
Ng5 f4 16. Nxf7 Rxf7 17. Qc2 a5 18. O-O-O c6 19. f3 a4 20. Rdg1 cxd5 21. Nxd5
Bd7 22. Bc3 Ne6 23. Kb1 Nd4 24. Bxd4 exd4 25. g3 Qa5 26. gxf4 b5 27. Rxg6 b4
28. Qd2 Qc5 29. f5 1-0

[Event "Championnat de Paris Open A"]
[Site "Paris"]
[Date "2010.07.05"]
[Round "3.22"]
[White "Msellek, Ilyass"]
[Black "Quach, Charlie"]
[Result "1-0"]
[WhiteElo "2010"]
[BlackElo "2153"]
[PlyCount "51"]
[EventDate "2010.??.??"]

1. e4 c5 2. Nf3 e6 3. d4 cxd4 4. Nxd4 Nf6 5. Nc3 d6 6. Be3 a6 7. Bd3 b5 8. a3
Bb7 9. O-O Be7 10. f4 Qc7 11. Qf3 Nbd7 12. Qh3 Nc5 13. Rae1 Ncxe4 14. Nxe4 Nxe4
15. Bxe4 Bxe4 16. f5 e5 17. Bh6 d5 18. Bxg7 Rg8 19. Ne6 Qb6+ 20. Kh1 Kd7 21.
Rxe4 dxe4 22. Rd1+ Qd6 23. Nc5+ Kc7 24. Rxd6 Bxd6 25. Nxe4 Rxg7 26. Qc3+ 1-0

[Event "Championnat de Paris Open A"]
[Site "Paris"]
[Date "2010.07.05"]
[Round "3.23"]
[White "Ledoux, Alain"]
[Black "Matrand, Arnaud"]
[Result "0-1"]
[WhiteElo "1945"]
[BlackElo "2130"]
[PlyCount "44"]
[EventDate "2010.??.??"]

1. e4 c5 2. Nf3 e6 3. c3 Nf6 4. e5 Nd5 5. Bc4 Nb6 6. Bb3 Nc6 7. O-O c4 8. Bc2
d6 9. Qe2 Be7 10. Na3 Nxe5 11. Nxe5 dxe5 12. Qxe5 Bf6 13. Qe4 Qc7 14. d4 Bd7
15. d5 Nxd5 16. Qxc4 Qxc4 17. Nxc4 O-O 18. Nd6 Bc6 19. Ne4 Be7 20. Bg5 f6 21.
Bh4 Rfd8 22. f4 Ne3 0-1

[Event "Championnat de Paris Open A"]
[Site "Paris"]
[Date "2010.07.05"]
[Round "3.24"]
[White "Mircescu, Ovidiu"]
[Black "Kambrath, Yannick"]
[Result "1-0"]
[WhiteElo "2123"]
[BlackElo "2001"]
[PlyCount "81"]
[EventDate "2010.??.??"]

1. e4 e5 2. Bc4 Bc5 3. f4 d6 4. Nf3 Nc6 5. c3 Bb6 6. d4 Nge7 7. Ng5 d5 8. exd5
Na5 9. Bb5+ c6 10. Be2 cxd5 11. fxe5 O-O 12. O-O Ng6 13. Kh1 f6 14. exf6 Rxf6
15. Bd3 Qd6 16. Qh5 Rxf1+ 17. Bxf1 h6 18. Bd3 Qe7 19. Nf3 Nf8 20. Qxd5+ Be6 21.
Qe4 Qf7 22. Ne5 Qf6 23. Nd2 Re8 24. Ndf3 Bc7 25. Bd2 Qd8 26. b3 Bc8 27. b4 Nc6
28. Nxc6 bxc6 29. Qxc6 Bg4 30. Bb5 Bxf3 31. Qxf3 Re7 32. Rf1 Ng6 33. g3 Qd6 34.
Re1 Rxe1+ 35. Bxe1 Qe6 36. Qe2 Qd5+ 37. Kg1 Qg5 38. Qe8+ Kh7 39. Bd3 h5 40.
Qxg6+ Qxg6 41. Bxg6+ 1-0

[Event "Championnat de Paris Open A"]
[Site "Paris"]
[Date "2010.07.05"]
[Round "3.25"]
[White "Gauthier, Arnaud"]
[Black "Lazo, Xenia"]
[Result "1/2-1/2"]
[WhiteElo "2003"]
[BlackElo "2112"]
[PlyCount "54"]
[EventDate "2010.??.??"]

1. e4 e6 2. d4 d5 3. Nc3 Bb4 4. e5 c5 5. a3 Bxc3+ 6. bxc3 Qa5 7. Bd2 Qa4 8. Qb1
c4 9. g3 Nc6 10. Bg2 Nge7 11. Nf3 b6 12. O-O Bd7 13. Ra2 O-O-O 14. Bg5 Rde8 15.
Bxe7 Rxe7 16. Nd2 Qa5 17. Qa1 Qa4 18. Qb1 {=} 18... h5 19. Rd1 Ree8 20. Nf1 g5
21. Ne3 h4 22. Qa1 Ne7 23. Rb1 hxg3 24. hxg3 Nc6 25. Rab2 Qa5 26. Ra2 Qa4 27.
Rab2 Qa5 1/2-1/2

[Event "Championnat de Paris Open A"]
[Site "Paris"]
[Date "2010.07.05"]
[Round "3.51"]
[White "Hameau, Cyril"]
[Black "Rode, Antony"]
[Result "1-0"]
[WhiteElo "1969"]
[BlackElo "2058"]
[PlyCount "47"]
[EventDate "2010.??.??"]

1. e4 d5 2. exd5 Qxd5 3. Nc3 Qa5 4. d4 Nf6 5. Nf3 Nc6 6. Bd2 a6 7. a3 Bg4 8. h3
Bxf3 9. Qxf3 O-O-O 10. d5 Nd4 11. Qd3 e5 12. dxe6 Nb3 13. Qxd8+ Kxd8 14. cxb3
Qe5+ 15. Be2 fxe6 16. O-O-O Nd5 17. Rhe1 Qd6 18. Bg4 c6 19. Rxe6 Qc7 20. Kb1
Be7 21. Nxd5 cxd5 22. Bg5 Bxg5 23. Rxd5+ Kc8 24. Rc6+ 1-0

[Event "Championnat de Paris Open A"]
[Site "Paris"]
[Date "2010.07.06"]
[Round "4.1"]
[White "Anes, Emmanuel"]
[Black "Duijker, Rick"]
[Result "0-1"]
[WhiteElo "2139"]
[BlackElo "2241"]
[PlyCount "82"]
[EventDate "2010.??.??"]

1. d4 Nf6 2. Nc3 d5 3. e4 dxe4 4. f3 exf3 5. Nxf3 Bg4 6. h3 Bxf3 7. Qxf3 c6 8.
Be3 e6 9. Bd3 Be7 10. O-O O-O 11. Rf2 Nbd7 12. Raf1 Qa5 13. g4 Rae8 14. Ne4
Qxa2 15. c4 Qb3 16. Bg5 Kh8 17. Nxf6 gxf6 18. Qe4 f5 19. Rxf5 exf5 20. Qxf5
Qxd3 21. Qxd3 Bxg5 22. Qf5 Be3+ 23. Kg2 Nb6 24. Qf6+ Kg8 25. Rf5 Re6 26. Qh4
Nxc4 27. b3 Nb6 28. Rh5 h6 29. Kf3 Nd5 30. Rf5 Bg5 31. Rxg5+ hxg5 32. Qxg5+ Rg6
33. Qe5 f6 34. Qe6+ Kh8 35. h4 Rfg8 36. g5 fxg5 37. Qe5+ Rf6+ 38. Ke2 gxh4 39.
Qh5+ Kg7 40. Qxh4 Re8+ 41. Kd2 Re7 0-1

[Event "Championnat de Paris Open A"]
[Site "Paris"]
[Date "2010.07.06"]
[Round "4.2"]
[White "Pozdnjakov, Viatcheslav"]
[Black "Legrand, Stephane"]
[Result "1/2-1/2"]
[WhiteElo "2208"]
[BlackElo "2129"]
[PlyCount "64"]
[EventDate "2010.??.??"]

1. d4 d5 2. Nf3 e6 3. Nbd2 f5 4. g3 Nf6 5. Bg2 Bd6 6. b3 O-O 7. Bb2 c6 8. Ne5
Nbd7 9. Nd3 Qe8 10. Nf3 b6 11. Nfe5 Bb7 12. O-O Rc8 13. c4 c5 14. e3 Ne4 15. f3
Nef6 16. Re1 Qe7 17. Rc1 Rfd8 18. Qe2 Ba6 19. Nxd7 Rxd7 20. dxc5 Bxc5 21. Nxc5
Qxc5 22. Bxf6 gxf6 23. Qb2 Qe7 24. cxd5 Rxc1 25. Rxc1 Rxd5 26. f4 Rd7 27. Qc2
Qd8 28. b4 Rd2 29. Qa4 Rxg2+ 30. Kxg2 Qd2+ 31. Kh3 Qxc1 32. Qxa6 Qc7 {=}
1/2-1/2

[Event "Championnat de Paris Open A"]
[Site "Paris"]
[Date "2010.07.06"]
[Round "4.3"]
[White "Gravier, Laurent"]
[Black "Wunderman, Xavier"]
[Result "0-1"]
[WhiteElo "2098"]
[BlackElo "2173"]
[PlyCount "82"]
[EventDate "2010.??.??"]

1. e4 c5 2. Nf3 e6 3. d4 cxd4 4. Nxd4 Nc6 5. Nc3 Qc7 6. Be2 Nf6 7. O-O Be7 8.
Kh1 a6 9. f4 d6 10. Be3 O-O 11. Qe1 Na5 12. Rd1 Nc4 13. Bc1 b5 14. a3 Bb7 15.
Bd3 Rac8 16. Nde2 Qb8 17. b3 Nb6 18. Qg3 Nbd7 19. Bb2 Rfd8 20. Ng1 Qa8 21. Rde1
Bf8 22. Nf3 Nc5 23. e5 Nfe4 24. Nxe4 Bxe4 25. Bxe4 Nxe4 26. Qh4 d5 27. Re2 Rd7
28. Nd4 Bc5 29. f5 Bxd4 30. Bxd4 exf5 31. Rxf5 Rdc7 32. Rf1 Qc6 33. Rf6 gxf6
34. exf6 Kh8 35. Qh6 Rg8 36. c3 Rcc8 37. Re3 Nf2+ 38. Kg1 Ng4 39. Qh5 Nxe3 40.
Qxf7 Rxg2+ 41. Kh1 Rcg8 0-1

[Event "Championnat de Paris Open A"]
[Site "Paris"]
[Date "2010.07.06"]
[Round "4.4"]
[White "Emmenecker, Philippe"]
[Black "Pluyaud, Benoit"]
[Result "1/2-1/2"]
[WhiteElo "2169"]
[BlackElo "1930"]
[PlyCount "90"]
[EventDate "2010.??.??"]

1. d4 Nf6 2. c4 e6 3. Nf3 Bb4+ 4. Nbd2 c5 5. dxc5 Bxc5 6. Nb3 Bb4+ 7. Bd2 Qe7
8. c5 Bxd2+ 9. Qxd2 O-O 10. e3 Rd8 11. Rd1 Ne4 12. Qc2 d5 13. Bd3 f5 14. O-O
Nc6 15. a3 a5 16. Nfd4 Ne5 17. f3 Nf6 18. Bb5 Bd7 19. a4 Rdc8 20. Rc1 h5 21.
Qd2 Bxb5 22. Nxb5 Nc4 23. Qe2 b6 24. cxb6 Nxb6 25. N3d4 Nxa4 26. Nc6 Qd7 27.
Ne5 Qd8 28. Nd4 Qe8 29. Rxc8 Rxc8 30. Qa6 Ra8 31. Qd6 Rd8 32. Qa3 Nb6 33. Ndc6
Nc4 34. Nxc4 Qxc6 35. Qxa5 Rb8 36. Ne5 Qd6 37. Qc3 Qb6 38. Nd3 Qxe3+ 39. Kh1
Re8 40. Re1 Qg5 41. b4 Qh4 42. Rc1 Qg5 43. Re1 h4 44. b5 h3 45. gxh3 Qh4 {=}
1/2-1/2

[Event "Championnat de Paris Open A"]
[Site "Paris"]
[Date "2010.07.06"]
[Round "4.5"]
[White "Potrel, Manu"]
[Black "Rene, Benoit"]
[Result "0-1"]
[WhiteElo "1852"]
[BlackElo "2299"]
[PlyCount "62"]
[EventDate "2010.??.??"]

1. e4 c5 2. Nf3 d6 3. d4 cxd4 4. Nxd4 Nf6 5. Nc3 a6 6. Be3 e5 7. Nb3 Be7 8. f3
O-O 9. Qd2 Be6 10. O-O-O Nbd7 11. g4 b5 12. h4 Nb6 13. Qf2 Nfd7 14. Nd5 Bxd5
15. exd5 Nc4 16. Bd3 a5 17. Kb1 Nxe3 18. Qxe3 a4 19. Nd2 a3 20. b3 Qa5 21. Ne4
Rfc8 22. Qd2 Nb6 23. Ng3 g6 24. Be4 {=} 24... Qxd2 25. Rxd2 Rc3 26. Rd3 Rxd3
27. cxd3 Rc8 28. h5 Bg5 29. hxg6 hxg6 30. Rg1 Be3 31. Rg2 Rc1# 0-1

[Event "Championnat de Paris Open A"]
[Site "Paris"]
[Date "2010.07.06"]
[Round "4.6"]
[White "Peric, Slavisa"]
[Black "Caroff, Frederic"]
[Result "1-0"]
[WhiteElo "2215"]
[BlackElo "2106"]
[PlyCount "79"]
[EventDate "2010.??.??"]

1. d4 Nf6 2. Nf3 g6 3. Bg5 Bg7 4. Nbd2 d6 5. c3 b6 6. e3 Nbd7 7. Bc4 Bb7 8. O-O
O-O 9. Qe2 c5 10. Ba6 Qc7 11. a4 Qc8 12. Bxb7 Qxb7 13. h3 a6 14. Rfe1 d5 15.
Ne5 Nxe5 16. dxe5 Ne4 17. Bf4 Nxd2 18. Qxd2 Rfd8 19. Bg3 b5 20. f4 Qc6 21. Qc2
e6 22. Bh4 Rdb8 23. e4 bxa4 24. exd5 Qxd5 25. Rxa4 Qb3 26. Re2 Qxc2 27. Rxc2
Rb6 28. Bf2 Rc6 29. Kf1 g5 30. g3 gxf4 31. gxf4 h5 32. Rc4 Rac8 33. Bh4 Kh7 34.
Ke1 Bh6 35. Rg2 a5 36. Be7 Bf8 37. Bf6 Rb8 38. f5 Rcb6 39. Rh4 Rxb2 40. Rxh5+
1-0

[Event "Championnat de Paris Open A"]
[Site "Paris"]
[Date "2010.07.06"]
[Round "4.8"]
[White "Chandesris, Ludovic"]
[Black "Aurel, Luc"]
[Result "0-1"]
[WhiteElo "2094"]
[BlackElo "2185"]
[PlyCount "52"]
[EventDate "2010.??.??"]

1. e4 d6 2. d4 Nf6 3. Nc3 Nbd7 4. Nf3 e5 5. Bc4 Be7 6. Ng5 O-O 7. Bxf7+ Rxf7 8.
Ne6 Qe8 9. Nxc7 Qd8 10. Nxa8 b5 11. dxe5 Nxe5 12. Nd5 Nxd5 13. Qxd5 Bd7 14. Be3
Bc6 15. Qb3 Qxa8 16. f3 Bh4+ 17. Bf2 Bxf2+ 18. Kxf2 Bxe4 19. Rhf1 Qc6 20. Kg1
Bxc2 21. Qe6 Bf5 22. Qb3 Qc5+ 23. Kh1 Nd3 24. h3 d5 25. g4 Bg6 26. Kg2 Re7 0-1

[Event "Championnat de Paris Open A"]
[Site "Paris"]
[Date "2010.07.06"]
[Round "4.9"]
[White "Dionisi, Thomas"]
[Black "Eden, James"]
[Result "1-0"]
[WhiteElo "2183"]
[BlackElo "2090"]
[PlyCount "121"]
[EventDate "2010.??.??"]

1. e4 e5 2. Nf3 Nc6 3. Bb5 a6 4. Bxc6 dxc6 5. O-O Bg4 6. h3 h5 7. d3 Qf6 8.
Nbd2 Bd6 9. Re1 Ne7 10. d4 Ng6 11. hxg4 hxg4 12. Nh2 Rxh2 13. Qxg4 Qh4 14. Qxh4
Rxh4 15. Nf3 Rh5 16. dxe5 Nxe5 17. Nxe5 Bxe5 18. g3 O-O-O 19. c3 b5 20. Be3
Rhh8 21. Rad1 Rxd1 22. Rxd1 Rd8 23. Rxd8+ Kxd8 24. Bd4 Bxd4 25. cxd4 a5 26. b3
Kd7 27. a3 b4 28. axb4 axb4 29. Kf1 c5 30. dxc5 Kc6 31. Ke2 Kxc5 32. Kd3 g6 33.
Ke3 Kb5 34. Kd4 c5+ 35. Kd5 c4 36. bxc4+ Ka4 37. c5 b3 38. c6 b2 39. c7 b1=Q
40. c8=Q Qb5+ 41. Qc5 Qd7+ 42. Ke5 Qe8+ 43. Kf6 Qe6+ 44. Kg7 Qe8 45. Qc4+ Ka3
46. Qxf7 Qxe4 47. Qxg6 Qd4+ 48. Qf6 Qg4+ 49. Kh6 Ka2 50. Qf4 Qe6+ 51. Kg5 Qg8+
52. Kf5 Qc8+ 53. Ke4 Qc6+ 54. Ke3 Qe8+ 55. Qe4 Qg8 56. g4 Qg5+ 57. Kf3 Qf6+ 58.
Kg3 Qd6+ 59. f4 Qd1 60. g5 Qh5 61. Qg2+ 1-0

[Event "Championnat de Paris Open A"]
[Site "Paris"]
[Date "2010.07.06"]
[Round "4.10"]
[White "Mayer, Philippe"]
[Black "Rano, David"]
[Result "0-1"]
[WhiteElo "2078"]
[BlackElo "2166"]
[PlyCount "62"]
[EventDate "2010.??.??"]

1. d4 d5 2. Nf3 c6 3. c4 dxc4 4. a4 e6 5. g3 Bb4+ 6. Bd2 Bxd2+ 7. Qxd2 b5 8.
Bg2 Nf6 9. axb5 cxb5 10. Qb4 a6 11. Nc3 Bb7 12. O-O Qe7 13. Qa5 O-O 14. Ne5
Bxg2 15. Kxg2 Qb7+ 16. f3 Nd5 17. Rfc1 f6 18. Nxd5 fxe5 19. Nb4 exd4 20. h4 e5
21. h5 e4 22. Rf1 Nc6 23. Nxc6 Qxc6 24. Qd2 d3 25. exd3 cxd3 26. fxe4 Qxe4+ 27.
Kh3 Rxf1 28. Rxf1 Qe2 29. Qf4 Qxh5+ 30. Kg2 Qd5+ 31. Kh2 d2 0-1

[Event "Championnat de Paris Open A"]
[Site "Paris"]
[Date "2010.07.06"]
[Round "4.11"]
[White "Bouton, Christophe"]
[Black "Hanchour, Baroudi"]
[Result "0-1"]
[WhiteElo "2060"]
[BlackElo "2159"]
[PlyCount "128"]
[EventDate "2010.??.??"]

1. d4 d5 2. c4 Nc6 3. Nf3 Bg4 4. Bf4 e6 5. e3 Nf6 6. h3 Bh5 7. Nc3 Bb4 8. Rc1
Ne4 9. Be2 dxc4 10. O-O Bxc3 11. bxc3 b5 12. a4 a6 13. Qc2 Bg6 14. Qb2 Rb8 15.
axb5 axb5 16. Qa3 Ne7 17. Ne5 O-O 18. Nxg6 hxg6 19. Rfd1 Nd5 20. Bh2 Ra8 21.
Qb2 c6 22. f3 Nef6 23. e4 Nb6 24. Ra1 Qe7 25. Rdb1 Na4 26. Qa3 Qd7 27. Qb4 c5
28. dxc5 Qd2 29. Rxa4 bxa4 30. Bxc4 a3 31. Ra1 a2 32. Bd6 Rfd8 33. Qb3 Ne8 34.
Bg3 Rdc8 35. Rxa2 Rxa2 36. Qxa2 Qxa2 37. Bxa2 Rxc5 38. Be1 Nd6 39. Kf2 Ra5 40.
Bb1 Nc4 41. Bd3 Ra2+ 42. Kg3 Ne3 43. Bf2 Nd1 44. Bd4 Nxc3 45. Bxc3 Ra3 46. Bb4
Rxd3 47. Be7 f6 48. Bc5 Rd2 49. Bb4 Rc2 50. h4 Kf7 51. Ba3 e5 52. Bd6 Ke6 53.
Bf8 Rc7 54. Kg4 f5+ 55. exf5+ gxf5+ 56. Kg5 Rf7 57. Bc5 e4 58. fxe4 fxe4 59.
Be3 Rc7 60. Kg6 Rc3 61. Bf4 e3 62. Bxe3 Rxe3 63. g4 Re4 64. Kg5 Kf7 0-1